00428nam a2200145Ia 4500008004100000041000900041082001800050100002200068245003000090260003400120300000800154650000800162999001700170952009500187230718s9999 xx 000 0 und d aEng. a351209bAWA-C aAwan,Malik Saleem 0acivil service laws punjab aPakistanbomer law bookc2011 a361 aLaw c30229d30229 00104070aSIRC-LbSIRC-Ld2023-07-18l0o351209 AWA-Cp25180r2023-07-18w2023-07-18yBK